书目信息 |
| 题名: |
纳米氧化钛光催化材料及应用
|
|
| 作者: | 高濂 著 | |
| 分册: | ||
| 出版信息: | 北京 化学工业出版社 2002.12 |
|
| 页数: | 289页 | |
| 开本: | 20cm | |
| 丛书名: | ||
| 单 册: | ||
| 中图分类: | TB383 | |
| 科图分类: | ||
| 主题词: | 工程材料 | |
| 电子资源: | ||
| ISBN: | 7-5025-4069-5 | |
| 000 | 00575nam0 2200193 45 | |
| 001 | 0358182889 | |
| 005 | 2003042516094284 | |
| 010 | @a7-5025-4069-5@dRMB 30.00 | |
| 100 | @a20030425d2002 km y0chiy0120 ea | |
| 101 | 0 | @achi |
| 102 | @aCN@b110000 | |
| 200 | 1 | @a纳米氧化钛光催化材料及应用@Ana mi yang hua tai guang cui hua cai liao ji ying yong@f高濂等著@Fgao lian deng zhu |
| 210 | @a北京@c化学工业出版社@d2002.12 | |
| 215 | @a289页@d20cm | |
| 606 | 0 | @a工程材料 |
| 690 | @aTB383@v4 | |
| 701 | 0 | @a高濂@Agao lian@4著 |
| 801 | 0 | @aCN@bPFT@c20030425 |
| 905 | @a10447@dTB383@eG155 | |
| 纳米氧化钛光催化材料及应用/高濂等著.-北京:化学工业出版社,2002.12 |
| 289页;20cm |
| ISBN 7-5025-4069-5:RMB 30.00 |
| ● |
| 相关链接 |
|
|
|
正题名:纳米氧化钛光催化材料及应用
索取号:TB383/G155
 
预约/预借
| 序号 | 登录号 | 条形码 | 馆藏地/架位号 | 状态 | 备注 |
| 1 | 366230 | 203662303 | 自科库501/501自科库 14排1列2层/ [索取号:TB383/G155] | 在馆 | |
| 2 | 366231 | 203662312 | 自科二线504/501自科库 14排1列2层/ [索取号:TB383/G155] | 在馆 |